A Gazeta Caderno Especial: (Registro n. 597)

Detalhes MARC
000 -LEADER
fixed length control field 00661nas a22002057a 4500
005 - DATE AND TIME OF LATEST TRANSACTION
control field 20260507133147.0
008 - FIXED-LENGTH DATA ELEMENTS--GENERAL INFORMATION
fixed length control field 260507d2010 porux|pe g||| 00| z0por d
040 ## - CATALOGING SOURCE
Transcribing agency BR_ViAPE
110 ## - MAIN ENTRY--CORPORATE NAME
Corporate name or jurisdiction name as entry element A Gazeta
245 ## - TITLE STATEMENT
Title A Gazeta Caderno Especial:
Remainder of title dia internacional do cooperativismo
260 ## - PUBLICATION, DISTRIBUTION, ETC.
Place of publication, distribution, etc. Vitória
Name of publisher, distributor, etc. A Gazeta
Date of publication, distribution, etc. 2010-
300 ## - PHYSICAL DESCRIPTION
Extent v.
Other physical details il.
362 ## - DATES OF PUBLICATION AND/OR SEQUENTIAL DESIGNATION
Dates of publication and/or sequential designation jul. 2010
500 ## - GENERAL NOTE
General note Disponibilizada apenas a imagem da capa na versão digital, em virtude de restrições de direitos autorais.
650 ## - SUBJECT ADDED ENTRY--TOPICAL TERM
Topical term or geographic name entry element Cooperativismo
General subdivision Agronegócio
-- Transportes
-- Café
651 ## - SUBJECT ADDED ENTRY--GEOGRAPHIC NAME
Geographic name Espírito Santo
Form subdivision Peródicos
710 ## - ADDED ENTRY--CORPORATE NAME
Corporate name or jurisdiction name as entry element A Gazeta
942 ## - ADDED ENTRY ELEMENTS (KOHA)
Source of classification or shelving scheme Dewey Decimal Classification
Koha item type Periódicos
Suppress in OPAC Yes
Exemplares
Withdrawn status Lost status Source of classification or shelving scheme Damaged status Not for loan Home library Current library Date acquired Total checkouts Date last seen Price effective from Koha item type
    Dewey Decimal Classification     Hemeroteca Digital do Arquivo Público do Estado do Espírito Santo Hemeroteca Digital do Arquivo Público do Estado do Espírito Santo 05/07/2026   05/07/2026 05/07/2026 Periódicos